La réponse est de plus en plus longue - Patrimoine français - Statistiques

Statistiques générales
  • Ce quiz a été pris 1 142 fois
  • Le résultat moyen est 9 sur 20
Statistiques - réponses
Indice Lettres Réponse % Correct
Complétez ce classique de Corneille : "__ rage ! __ désespoir ! __ vieillesse ennemie ! /N'ai-je donc tant vécu que pour cette infamie". 1 Ô
99%
Matériau sous forme de feuille qui recouvre les moulures du palais de l'Élysée. 2 Or
93%
Nom de famille de Stéphane, qui a lancé le loto du patrimoine en 2018. 4 Bern
85%
Département d'Auvergne-Rhône-Alpes où se trouve le monastère royal de Brou. 3 Ain
74%
Ville où siège l'UNESCO. 5 Paris
69%
Abbaye normande que les Bretons revendiquent. 15 Mont-Saint-Michel
68%
Métier du Corbusier. 10 Architecte
63%
Ingénieur et architecte militaire dont les fortifications sont classées 6 Vauban
56%
Pièce emblématique du château de Versailles avec ses 357 miroirs. 16 Galerie des glaces
52%
Un des plus anciens canaux d'Europe qui relie Toulouse à la Méditerranée 11 Canal du Midi
45%
Ministère en charge de préserver le patrimoine 20 Ministère de la Culture
39%
Il a lancé les Journées nationales du patrimoine en 1984. 8 Jack Lang
35%
Il a installé une flèche sur Notre-Dame en 1859 18 Eugène Viollet-le-Duc
22%
Le repas _____ des Français a été inscrit au patrimoine immatériel en 2010. 13 gastronomique
22%
Cathédrale dont le labyrinthe est sur le logo des monuments historiques 17 Cathédrale de Reims
20%
Île centrale du centre-ville historique de Strasbourg. 9 Grande Île
14%
Ville de Bourgogne connue pour sa basilique et sa "colline inspirée". 7 Vézelay
12%
Premier locataire de la rue de Valois de 1959 à 1969. 12 André Malraux
11%
Inspecteur général des Monuments historiques, qui a recensé et restauré une partie des monuments français entre 1834 et 1860. 14 Prosper Mérimée
7%
Ensemble de monuments médiévaux en brique rouge de terre cuite sur les rives du Tarn. 19 Cité épiscopale d'Albi
2%
Aucun quiz correspondant
Distribution des résultats
% des personnes avec chaque résultat
Percentile par nombre de réponses
Votre historique - résultats
Vous n’avez pas pris ce quiz